La Bretagne - Choix Multiples - Statistiques

Statistiques générales
  • Ce quiz a été pris 958 fois
  • Le résultat moyen est 11 sur 15
Statistiques - réponses
Question Réponse % Correct
Quel département actuel faisait autrefois partie de la province de la Bretagne ? La Loire-Atlantique
95%
Combien de départements la région comporte-t-elle ? 4
91%
Et parmi ces villes ? Saint-Nazaire
87%
Quelle ville accueille traditionnellement le départ de la route du Rhum ? Saint-Malo
84%
Parmi ces îles, laquelle n'appartient pas à la Bretagne ? Yeu
83%
Quelle est la préfecture du Morbihan ? Vannes
74%
Laquelle de ces villes bretonnes se trouve sur le littoral ? Douarnenez
73%
Enfin, à quel pays celle-ci appartient-elle ? Au Royaume-Uni
70%
Laquelle de ces côtes françaises ne se trouve pas en Bretagne ? La Côte d'Opale
69%
Quelle ville se trouve juste en face de cette dernière ? Dinard
62%
Laquelle de ces marques n'est pas originaire de Bretagne ? Le sel La Baleine
61%
Laquelle de ces personnalités n'est pas née en Bretagne ? Vianney
60%
Et quelle île atteint-on en premier en naviguant plein nord depuis ces deux dernières ? Jersey
54%
Avant la Révolution, la Bretagne était exemptée d'un impôt. Lequel ? La gabelle
50%
En quelle année la Bretagne est-elle devenue française ? 1532
44%
Aucun quiz correspondant
Distribution des résultats
% des personnes avec chaque résultat
Percentile par nombre de réponses
Votre historique - résultats
Vous n’avez pas pris ce quiz